El problema del hambre y su desatención en el marco de las políticas alimentaria adosptadas en bogotá (Registro nro. 120071)

Detalles MARC
000 -CABECERA
campo de control de longitud fija 00638nam a2200193Ia 4500
001 - NÚMERO DE CONTROL
campo de control 120071
003 - IDENTIFICADOR DEL NÚMERO DE CONTROL
campo de control 209699
005 - FECHA Y HORA DE LA ÚLTIMA TRANSACCIÓN
campo de control 20241127062552.0
008 - DATOS DE LONGITUD FIJA--INFORMACIÓN GENERAL
campo de control de longitud fija ||||||n9999 ||| || ||
100 ## - ENTRADA PRINCIPAL--NOMBRE DE PERSONA
Nombre de persona Rodríguez Cetina, Andrea
9 (RLIN) 142607
245 #0 - MENCIÓN DE TÍTULO
Título El problema del hambre y su desatención en el marco de las políticas alimentaria adosptadas en bogotá
562 ## - NOTA DE IDENTIFICACIÓN DE LA COPIA Y VERSIÓN
Número de copias 1
650 ## - PUNTO DE ACCESO ADICIONAL DE MATERIA--TÉRMINO DE MATERIA
Término de materia o nombre geográfico como elemento de entrada ESPECIALIZACIÓN EN GESTIÓN PÚBLICA--TESIS Y DISERTACIONES ACADÉMICAS
9 (RLIN) 11969
650 ## - PUNTO DE ACCESO ADICIONAL DE MATERIA--TÉRMINO DE MATERIA
Término de materia o nombre geográfico como elemento de entrada HAMBRE
9 (RLIN) 2615
650 #0 - PUNTO DE ACCESO ADICIONAL DE MATERIA--TÉRMINO DE MATERIA
Término de materia o nombre geográfico como elemento de entrada Normatividad
9 (RLIN) 25298
650 ## - PUNTO DE ACCESO ADICIONAL DE MATERIA--TÉRMINO DE MATERIA
Término de materia o nombre geográfico como elemento de entrada POLÍTICA ALIMENTARIA
9 (RLIN) 144359
650 #0 - PUNTO DE ACCESO ADICIONAL DE MATERIA--TÉRMINO DE MATERIA
Término de materia o nombre geográfico como elemento de entrada Problemas sociales
9 (RLIN) 2243
942 ## - ELEMENTOS DE PUNTO DE ACCESO ADICIONAL (KOHA)
Tipo de ítem Koha Tesis
Existencias
Estado de retiro Estado de pérdida Estado dañado No para préstamo Código de colección Localización permanente Ubicación/localización actual Coste, precio normal de compra Total de préstamos Signatura topográfica completa Código de barras Número de copia Tipo de ítem Koha
        Trabajos de Grado Bogotá - Sede Central Bogotá - Sede Central 15000.00   BOG196 2009 115802 1 Tesis